What is the Capital of It? - Statistics

General Stats
  • This quiz has been taken 178 times
  • The average score is 17 of 48
Answer Stats
Country/State/Division/Territory/Province/Region Capital % Correct
Taiwan Taipei
92%
Germany Berlin
91%
Israel Jerusalem
91%
Bavaria, Germany Munich
85%
Northern Ireland, UK Belfast
82%
California, USA Sacramento
74%
South Australia, Australia Adelaide
69%
Tasmania, Australia Hobart
58%
North Carolina, USA Raleigh
57%
Puerto Rico San Juan
55%
Norte Region, Portugal Porto
51%
West Virginia, USA Charleston
49%
French Guiana Cayenne
48%
New Hampshire, USA Concord
48%
Hokkaido, Japan Sapporo
48%
Turkmenistan Ashgabat
46%
Malawi Lilongwe
46%
Saskathewan, Canada Regina
46%
North Rhine-Westphalia, Germany Dusseldorf
45%
Greenland Nuuk
45%
Mongolia Ulaanbaatar
45%
Provence-Alpes-Cote d'Azur, France Marseille
38%
Attica, Greece Athens
37%
Isle of Man Douglas
34%
Bahia, Brazil Salvador
29%
Canary Islands Santa Cruz and Las Palmas
29%
Kiribati South Tarawa
26%
Brittany, France Rennes
23%
Cundinamarca, Colombia Bogota
22%
Cayman Islands Georgetown
22%
Nunavut, Canada Iqaluit
22%
Aruba Oranjestad
18%
Curacao Willemstad
18%
Lower Silesian, Poland Wroclaw
18%
Madeira Funchal
17%
Baja California Sur, Mexico La Paz
14%
Faroe Islands Torshavn
12%
Tristan da Cunha Edinburgh of the Seven Seas
11%
Jersey Saint Helier
11%
Christmas Island Flying Fish Cove
9%
Sonora, Mexico Hermosillo
9%
Mayotte Mamoudzou
9%
Liaoning, China Shenyang
9%
KwaZulu-Natal, South Africa Pietermaritzburg
8%
South Ossetia, Georgia Tskhinvali
8%
Lakshadweep Kavaratti
6%
Borkou, Chad Faya-Largeau
3%
Riau Islands Province, Indonesia Tanjung Pinang
3%
No matching quizzes found
Score Distribution
Percent of People with Each Score
Percentile by Number Answered
Your Score History
You have not taken this quiz